000 01034cas a22003137a 4500
005 20220329142025.0
008 990309u1865 us mr p rnn 0 b1b1eng d
010 _a77204
011 _a78176
022 0 _a0002-9513
035 _a88038
245 0 0 _aAmerican Journal of Physiology
_c/by American Physiological Society
260 0 _aBethesda, MD :
_bAmerican Physiological Society,
_c1865-
300 _av.
310 _aMensual
362 1 _av.243 n.5, 1982
500 _aSe cancelo a partir de 1983
590 _aBATCH-UPD
_b10
_c20130110
_lUCH01
_h0553
590 _aBATCH-UPD
_b10
_c20130410
_lUCH01
_h0234
590 _aBATCH-UPD
_b10
_c20130914
_lUCH01
_h1411
590 _aCONVERSION
_b10
_c20130109
_lUCH01
_h1343
650 1 4 _aFisiología
_xPublicaciones periódicas.
_941130
866 _av.183 n.3 (1955)
866 _av.196 n.1-v.221 n.6 (1959-1971)
866 _av.222 n.3-v.240 n.6 (1972-1981)
866 _av.241 n.2-v.243 n.6 (1981-1982)
901 _aSE
905 _aMarco A. Mendoza T.
999 _c77204
_d77204